Statistiken für Meistbesuchte Länder von Litauern

Klicken Sie hier um das Quiz zu spielen!

Allgemein

  • Dieses Quiz wurde 69 mal gespielt
  • Das Durchschnittsergebnis liegt bei 5 aus 6

Antwortstatistiken

#Land% Korrekt
232,000Lettland
97%
88,700Russland
95%
116,600Deutschland
93%
139,900Polen
93%
205,000Vereinigtes Königreich
83%
177,300Weißrussland
78%

Verteilung der Resultate

Perzentil nach korrekt beantworteten Fragen

Anzahl Personen mit jedem Resultat

Ihre Resultats-Entwicklung

Sie haben dieses Quiz noch nicht gespielt